Statystyki dla W którym roku miało miejsce to zdarzenie?

Kliknij tutaj aby rozwiązać quiz!

Ogólne statystyki

  • Ten quiz został rozwiązany 250 razy
  • Średni wynik to 8 z 13

Statystyki odpowiedzi

ZdarzenieRok% Poprawnych
Polska Niepodległość1918
97%
III Rozbiór Polski1795
96%
Katastrofa Smoleńska2010
94%
Dołączenia Polski do Unii Europejskiej2004
89%
Obalenie Komunizmu w Polsce1989
84%
Konstytuncja Polski1791
81%
Dołączenie Polski do NATO1999
81%
Początek Unii Lubelskiej1569
39%
Rok Początku Unii Polsko-Litewskiej w Krewie1385
27%
Koronacja Kazimierza Wielkiego1334
19%
Narodziny Kopernika1473
17%
Rok kiedy Polska była największa w swojej historii1619
17%
Koronacja Bolesława Chrobrego992
15%

Rozkład punktacji

Percentyl według liczby udzielonych odpowiedzi

Procent ludzi z każdym wynikiem

Twoja historia wyników

Nie rozwiązałeś tego quizu